Global prediction of continuous hydrocarbon accumulations in self-sourced reservoirs /

Bibliographic Details
Main Author: Eoff, Jennifer D. (Author)
Format: Government Document eBook
Language:English
Published: Reston, Virginia : U.S. Department of the Interior, U.S. Geological Survey, 2012.
Series:U.S. Geological Survey open-file report ; 2012-1091.
Subjects:
Online Access:https://purl.fdlp.gov/GPO/gpo120035

MARC

Tag First Indicator Second Indicator Subfields
LEADER 00000nam a2200000Ii 4500
001 in00004065921
005 20190805140738.0
006 m o d f
007 cr cn|||||||||
008 170804s2012 vauab ob f000 0 eng d
035 |a (OCoLC)ocn999610094 
040 |a COP  |b eng  |e rda  |e pn  |c COP  |d OCLCO  |d OCLCF  |d GPO  |d MvI 
049 |a WWW 
074 |a 0624-H (online) 
086 0 |a I 19.76:2012-1091 
100 1 |a Eoff, Jennifer D.,  |e author. 
245 1 0 |a Global prediction of continuous hydrocarbon accumulations in self-sourced reservoirs /  |c by Jennifer D. Eoff. 
264 1 |a Reston, Virginia :  |b U.S. Department of the Interior, U.S. Geological Survey,  |c 2012. 
300 |a 1 online resource (4 sheets) :  |b color illustrations, color maps. 
336 |a text  |b txt  |2 rdacontent 
337 |a computer  |b c  |2 rdamedia 
338 |a online resource  |b cr  |2 rdacarrier 
490 1 |a Open-file report ;  |v 2012-1091 
500 |a Title from title screen (viewed on July 31, 2017). 
504 |a Includes bibliographical references (sheet 4). 
650 0 |a Hydrocarbon reservoirs. 
650 0 |a Petroleum  |x Geology. 
650 7 |a Hydrocarbon reservoirs.  |2 fast  |0 (OCoLC)fst00964824 
650 7 |a Petroleum  |x Geology.  |2 fast  |0 (OCoLC)fst01059280 
710 2 |a Geological Survey (U.S.),  |e issuing body. 
830 0 |a U.S. Geological Survey open-file report ;  |v 2012-1091. 
856 4 0 |u https://purl.fdlp.gov/GPO/gpo120035  |t 0 
999 f f |s 1bfa4574-50c1-300d-9141-ac9e936236ff  |i 7e9fce0a-dbcb-31c3-913d-8b3035c6d9fb  |t 0 
952 f f |a Texas A&M University  |b College Station  |c Electronic Resources  |d Available Online  |t 0  |e I 19.76:2012-1091  |h Superintendent of Documents classification 
998 f f |a I 19.76:2012-1091  |t 0  |l Available Online